| 000 | 00407 a2200145 4500 | ||
|---|---|---|---|
| 001 | 165739 | ||
| 020 | _a | ||
| 040 | _cMagnum | ||
| 100 | _aMartins, Francisco Menezes Et Al. | ||
| 240 | 1 | 0 |
_aPara navegar no seculo 21: tecnologias do imaginario e cibercultura _lpor |
| 245 | 1 | 0 | _aPara navegar no seculo 21: tecnologias do imaginario e cibercultura |
| 362 | 0 | _a1899 | |
| 697 | _aSOCIOLOGIA | ||
| 942 | _cBK | ||
| 999 |
_c165739 _d165739 |
||